|
|
|
|
| LEADER |
00000nam a22000007a 4500 |
| 005 |
20210419225257.0 |
| 007 |
cr|||| |||| |
| 008 |
210419s2020 cr |||||s|||| 00||0 spa d |
| 020 |
|
|
|a 978-9930-589-06-9
|
| 035 |
|
|
|a 33168
|
| 040 |
|
|
|a vLex
|
| 090 |
|
|
|c 11474
|d 11474
|
| 245 |
0 |
0 |
|a Acciones de polt̕ica pb︢lica para la reactivacin̤ econm̤ica post COVID-19
|h [Recurso electrn̤ico] /
|
| 256 |
|
|
|a Servicio en ln̕ea
|
| 260 |
|
|
|a San Jos:̌
|b LEAD University,
|c 2020
|
| 300 |
|
|
|a 1 recurso electrn̤ico
|
| 500 |
|
|
|a LEAD University como institucin̤ acadm̌ica privada de educacin̤ superior, a travš de su Centro de Investigacin̤ en Polt̕ica Pb︢lica y Desarrollo Empresarial, abri ̤un espacio de pensamiento para generar ideas concretas de cm̤o impulsar y reactivar la economa̕ costarricense post Covid-19. Nos propusimos aportar a la discusin̤ nacional la experiencia de nuestros docentes e investigadores, as ̕como la de los mejores especialistas en r̀eas estratǧicas para la reactivacin̤ econm̤ica. Nuestro props̤ito fue conformar una agenda seria y de claro compromiso con el gobierno, el sector privado y la sociedad en general. Tomamos la iniciativa de guiar la discusin̤ de nuestros expertos hacia la promocin̤ de acciones concretas de polt̕ica pb︢lica en cinco r̀eas medulares y consustantivas a la reactivacin̤ de la economa̕ costarricense.
|
| 506 |
1 |
|
|a Disponible solo en los productos indicados
|d vLex Global
|d vLex Global (Academic Edition, excluding Law Schools)
|d vLex Global (U.S. Academic Edition, Law Schools)
|d vLex Global (U.S. Academic Edition, excluding Law Schools)
|d vLex Global (Academic Edition, Law Schools)
|
| 650 |
0 |
4 |
|a Derecho Mercantil y de la Empresa
|z Costa Rica
|
| 650 |
0 |
4 |
|a Derecho Pb︢lico y Administrativo
|z Costa Rica
|
| 740 |
0 |
|
|a vLex Libros (Servicio en ln̕ea)
|
| 856 |
4 |
0 |
|u https://vlex.com/source/acciones-de-politica-publica-para-la-reactivacion-economica-post-covid-19-33168
|z Acceso restringido
|
| 942 |
|
|
|c BOOK
|
| 999 |
0 |
|
|a Commercial and Company Law
|
| 999 |
0 |
|
|a Public and Administrative Law
|